• 首页
  • 本馆介绍
  • 公告通知
  • 最新文献
  • 馆藏检索
  • 电子资源
  • 读者导购
  • 参考咨询
  • 我的图书馆
  • 登录
  • 详细信息显示
  • 放入我的书架
  • 预约/预借图书
  • 作者相关作品
  • 分类相关作品
  • 丛书相关作品
  • 出版社相关作品

书目信息

  • 表格格式
  • 工作单格式
  • 卡片格式
题名:
蓝色火焰
    
 
作者: 桑希臣 著
分册:  
出版信息: 武汉   华中科技大学出版社  2016
页数: 224页
开本: 21cm
丛书名:
单 册:
中图分类: E291
科图分类:
主题词: 海战--hai zhan--战争史--中国--古代
电子资源:
ISBN: 978-7-5680-1429-8
000 00865nam0 22002411 450
001 0119171310
005 20170619171310.0
010    @a978-7-5680-1429-8@dCNY29.80
100    @a20160908d2016 em y0chiy50 ea
101 0  @achi
102    @aCN@b420000
105    @ay z 000yy
106    @ar
200 1  @a蓝色火焰@9lan se huo yan@e中国海洋战争简史@f桑希臣著
210    @a武汉@c华中科技大学出版社@d2016
215    @a224页@d21cm
330    @a本书包括“吴齐大战,有文字记载的最早一次海战”“波澜壮阔的海上起义”“事出有因的三征高句丽”“白江口之战,中日海军的第一次对决”“忽必烈波折的海上霸业”等内容。
517 1  @a中国海洋战争简史@9zhong guo hai yang zhan zheng jian shi
606 0  @a海战@9hai zhan@x战争史@y中国@z古代
690    @aE291@v5
701  0 @a桑希臣@9sang xi chen@f(1960~)@4著
801  0 @aCN@b百万庄@c20170617
905    @b1012431-6@dE291@e83@f6
    
    蓝色火焰:中国海洋战争简史/桑希臣著.-武汉:华中科技大学出版社,2016
    224页;21cm
    
    
    ISBN 978-7-5680-1429-8:CNY29.80
    本书包括“吴齐大战,有文字记载的最早一次海战”“波澜壮阔的海上起义”“事出有因的三征高句丽”“白江口之战,中日海军的第一次对决”“忽必烈波折的海上霸业”等内容。
●
相关链接 在E读中查询图书 在五车中查询图书 在当当中查询图书 在豆瓣中查询图书


正题名:蓝色火焰     索取号:E291/83         预约/预借

序号 登录号 条形码 馆藏地/架位号 状态 备注
1 1012431   210124319   第一样本阅览室/ [索取号:E291/83] 在馆    
2 1012432   210124328   教育系资料室/ [索取号:E291/83] 在馆    
3 1012433   210124337   教育系资料室/ [索取号:E291/83] 在馆    
4 1012434   210124346   教育系资料室/ [索取号:E291/83] 在馆    
5 1012435   210124355   第一借阅区/ [索取号:E291/83] 在馆    
6 1012436   210124364   第一借阅区/ [索取号:E291/83] 在馆    
唐山师范学院图书馆 欢迎您!
大连网信软件有限公司© 版权所有